| 000 | 00636nam a22002177a 4500 | ||
|---|---|---|---|
| 003 | OSt | ||
| 005 | 20180116192409.0 | ||
| 008 | 120718t 1996xxu||||| |||| 00| 0 eng d | ||
| 020 | _a0415060842 | ||
| 020 | _a9780415213325 | ||
| 040 | _c0 | ||
| 082 | _a720.88297103 | ||
| 100 | 1 |
_a Petersen, Andrew. _95629 |
|
| 245 |
_aDictionary of islamic architecture _cAndrew Petersen. |
||
| 260 |
_aLondon : _bRoutledge, _c1995. |
||
| 300 |
_a342 p. : _bill ; _c25 cm. |
||
| 650 |
_aIslamic architecture _95630 |
||
| 650 |
_aReligious architecture _95631 |
||
| 942 |
_2ddc _cREF |
||
| 999 |
_c353497 _d353497 |
||